000
00330nam a2200133Ia 4500
008
240624s9999 xx 000 0 und d
041
_a
eng
082
_a
332.1 RED
100
_a
REDDY Y R K
245
_a
CORPORATE GOVERNANCE IN BANKING AND FINA
260
_c
2000
_a
New Delhi
_b
Tata McGrawhill
300
_a
x, : 319
365
_c
RS
999
_c
1016
_d
1016